000 01260nam a22003617a 4500
003 CHAP
005 20220329141141.0
008 971010c19681972 r 00010 d
010 _a63461
011 _a64433
035 _a69757
040 _cCHAP
082 _a398.3
_bL4y
100 0 0 _aLevi-Strauss, Claude.
_966440
245 _aMitológicas
260 _aMéxico, D. F. :
_bFondo de Cultura Económica,
_c1968-1972
300 _av.
_b: ilus
490 _aSección de obras de antropología
500 _aLa biblioteca tiene: v. 1-2
505 _aContenido: v.1 Lo crudo y lo cocido.- v.2 De la miel a las cenizas
590 _aBATCH-UPD
_b10
_c20130109
_lUCH01
_h2335
590 _aBATCH-UPD
_b10
_c20130110
_lUCH01
_h1848
590 _aBATCH-UPD
_b10
_c20130410
_lUCH01
_h1217
590 _aBATCH-UPD
_b10
_c20130914
_lUCH01
_h1723
590 _aCONVERSION
_b10
_c20130109
_lUCH01
_h1334
650 1 4 _aMitología.
_976248
830 0 _aSección de obras de antropología
_9103500
901 _aBK
942 _cLIBRO
949 _a398.3 L4y
_bBC
_cBPA
_d-82016
_eBPA
_fv.1 c.2
_h40667
_i69757
_si
949 _a398.3 L4y
_bBC
_cLIBRO
_d33724000433553
_eLIBRO
_fv.2
_h40668
_i69757
_si
949 _a398.3 L4y
_bBC
_cLIBRO
_d33724000433561
_eLIBRO
_fv.1
_h29621
_i69757
_si
999 _c63461
_d63461